000 00586nam a2200229Ia 4500
003 OSt
005 20220924141652.0
006 a|||||r|||| 00| 0
007 ta
008 220923b |||||||| |||| 00| 0 ben d
024 _a298967
037 _cTextual
040 _aARTS
_cARTS
_bben
041 _2ben
_aben
082 _aO168,1M76x, 157K0
100 _aYusuf Maniruddin
_9212397
245 0 _aIqbal kavya sanchyan
260 _c1960
650 _aURDU LITERATURE
942 _hO168,1M76x, 157K0
_cTEXL
_2CC
999 _c447911
_d447911